| Поле | Инд. | ПП | Название | Значение |
|---|---|---|---|---|
| Тип записи | a | |||
| Библиографический уровень | m | |||
| 001 | Контрольный номер | RU/IS/BASE/503150232 | ||
| 005 | Дата корректировки | 20230608102650.7 | ||
| 020 | a | ISBN | 978-5-396-00574-7 | |
| 084 | a | Индекс другой классификации/Индекс ББК | 22.38г(2)6; 63.3(2)6 | |
| 090 | a | Полочн. индекс | 22.38г(2)6 | |
| x | Авторский знак | Г 70 | ||
| 100 | 1_ | a | Автор | Горобец Б. С. |
| q | Полное имя | Горобец Борис Соломонович | ||
| 245 | 10 | a | Заглавие | Ядерный реванш Советского Союза: Об истории Атомного проекта СССР |
| c | Ответственность | предисловие А. А. Рухадзе | ||
| 260 | a | Место издания | Москва | |
| b | Издательство | Красанд | ||
| c | Дата издания | 2014 | ||
| 300 | a | Объем | 352 с. | |
| 336 | a | Термин вида содержания | Текст | |
| 337 | a | Термин типа средства | непосредственный | |
| 440 | _0 | a | Серия | Наука в СССР: Через тернии к звездам |
| v | N тома | № 25 | ||
| 504 | a | Библиография | Список лит. источ.: с. 327. - Список сокр.: с. 334. - Имен. указ.: с. 337 | |
| 541 | 1_ | a | Номер заявки | 5216 |
| b | Заявитель | Черепанова В.Г. | ||
| c | Факультет/Кафедра/Подразделение | Кафедра ядерной физики | ||
| d | Дата заявки | 27.11.2015 | ||
| n | Количество экземпляров | 2 | ||
| 600 | 14 | a | Персоналии | Квасников Леонид Романович |
| a | Персоналии | Флеров Георгий Николаевич | ||
| a | Персоналии | Пайер Юлиус Риттер фон | ||
| a | Персоналии | Фукс Клаус | ||
| a | Персоналии | Риль Николаус | ||
| a | Персоналии | Ершова Зинаида Васильевна | ||
| a | Персоналии | Бочвар Андрей Анатольевич | ||
| a | Персоналии | Трутнев Юрий Алексеевич | ||
| a | Персоналии | Сахаров Андрей Дмитриевич | ||
| a | Персоналии | Зельдович Яков Борисович | ||
| 650 | 04 | a | Основная рубрика | история |
| a | Основная рубрика | история науки | ||
| a | Основная рубрика | наука | ||
| a | Основная рубрика | физика | ||
| a | Основная рубрика | ядерная физика | ||
| 653 | 0_ | a | Ключевые слова | "атомная дипломатия" |
| a | Ключевые слова | XX век | ||
| a | Ключевые слова | Атомный проект СССР | ||
| a | Ключевые слова | водородная бомба | ||
| a | Ключевые слова | Германия | ||
| a | Ключевые слова | Китай | ||
| a | Ключевые слова | критическая масса | ||
| a | Ключевые слова | лучевая болезнь | ||
| a | Ключевые слова | Манхэттенский проект | ||
| a | Ключевые слова | Министерство геологии СССР | ||
| a | Ключевые слова | Нагасаки | ||
| a | Ключевые слова | награды | ||
| a | Ключевые слова | научные исследования | ||
| a | Ключевые слова | научные открытия | ||
| a | Ключевые слова | немецкий урановый проект | ||
| a | Ключевые слова | новейшее время | ||
| a | Ключевые слова | облучение | ||
| a | Ключевые слова | плутоний | ||
| a | Ключевые слова | получение плутония | ||
| a | Ключевые слова | премии | ||
| a | Ключевые слова | радиационная безопасность | ||
| a | Ключевые слова | радиационная биология (радиобиология) | ||
| a | Ключевые слова | радиационная медицина | ||
| a | Ключевые слова | радиоактивность | ||
| a | Ключевые слова | режимные объекты | ||
| a | Ключевые слова | репрессии | ||
| a | Ключевые слова | Россия | ||
| a | Ключевые слова | Семипалатинский полигон | ||
| a | Ключевые слова | советская разведка | ||
| a | Ключевые слова | СССР | ||
| a | Ключевые слова | США | ||
| a | Ключевые слова | тяжелая вода | ||
| a | Ключевые слова | уран | ||
| a | Ключевые слова | уран-графитовые реакторы | ||
| a | Ключевые слова | Урановый проект | ||
| a | Ключевые слова | уран-тяжеловодные реакторы | ||
| a | Ключевые слова | Хиросима | ||
| a | Ключевые слова | холодная война | ||
| a | Ключевые слова | шпионаж | ||
| a | Ключевые слова | ядерное оружие (атомное оружие) | ||
| a | Ключевые слова | ядерное сдерживание | ||
| a | Ключевые слова | ядерные взрывы | ||
| a | Ключевые слова | ядерные испытания | ||
| a | Ключевые слова | ядерные реакторы | ||
| a | Ключевые слова | ядерные реакции | ||
| a | Ключевые слова | Япония | ||
| 700 | 12 | a | Автор | Рухадзе А. А. |
| e | Роль лиц | автор предисловия | ||
| 720 | a | Наименование подборки | К юбилею А. Д. Сахарова | |
| e | Признак/вид подборки | Тематические подборки | ||
| 900 | a | Имя электронного ресурса | obl_Yadernyi revansh_Ob istorii | |
| x | Справочная информация | Обложка | ||
| 901 | t | Тип документа | m | |
| 952 | a | Тип литературы для КСУ ВШ | НАУ |